1115 1050 1743 1213 1323 1055 1353 1408 1204 1677 1421 1881 1057 1375 1003 1386 1676 1623 1336 1466 1611 1624 1459 1638 1414 1978 1940 1525 1204 1730 1650 1326 1553 1744 1785 1548 1733 1360 1203 1855 1312 1453 1690 1248 1879 1100 1094 1855 1376 1535 1809 1557 1255 1732 1914 1076 1417 1477 1507 1000 1703 1915 1528 1443 1367 1065 1061 1716 1539 1776 1033 1679 1381 1558 1881 1274 1660 1380 1959 1092 1803 1501 1780 1181 1665 1771 1809 1149 1605 1078 1266 1068 1542 1114 1272 1827 1363 1939 1545 BCNSPRNW ULIB Ver.6.0+V

เปลี่ยนเป็นภาษาไทย

Change to English
 แสดงรายละเอียดบรรณานุกรม
  กลับหน้าหลัก

Brief Record : Get Marc (ISO 2709) : E-mail record : QR code < ปิดหน้าต่าง
LEADER : 00000nam 2200000uu 4500
001    13399112031
003     ULIB
008    110725s2547||||th 000 0 tha d
020    9744430524
050  4 H62^bก966ร 2547
100 0  โกสินทร์ จำนงไทย
245 10 ระเบียบและวิธีการวิจัย /^cโดย โกสินทร์ จำนงไทย
250    พิมพ์ครั้งที่ 1
260    กรุงเทพฯ :^bสมาคมส่งเสริมเทคโนโลยี,^c2547
300    161 หน้า
504    ดัชนีท้ายเล่ม
650  7 วิจัย^xวิธีวิทยา
710 2  สมาคมเทคโนโลยี (ไทย-ญี่ปุ่น)
945    ^p105^l0^i016879
945    ^p105^l0^i016880
995    ทศพร
999 ^a ทศพร
รายการนี้ยังไม่มีแท็ก
คุณยังไม่ได้ล็อกอิน คุณสามารถมีกิจกรรมร่วมกับเว็บไซต์ได้ แต่ต้องล็อกอินก่อน ::
  ล็อกอิน

รายการสื่อสารสนเทศ

ลำดับที่ ประเภท เลขเรียก/บาร์โค้ด สถานที่ สถานะ
1. วิทยาศาสตร์การแพทย์ และสุขภาพ
วิทยาศาสตร์การแพทย์ และสุขภาพ
สถานะ=หนังสือเก่า
H62 ก966ร 2547 ฉ.1 
  Barcode: 016879
ห้องสมุดวิทยาเขตสวรรค์ประชารักษ์
►ส่วนจัดเก็บหนังสือเก่า สปร
บนชั้น
  ขอยืม

รายการใกล้เคียง
    ผู้แต่ง [โกสินทร์ จำนงไทย]

BibComment


ยังไม่เคยถูกคอมเมนท์

คอมเมนท์ทรัพยากรรายการนี้
  คอมเมนท์: ระเบียบและวิธีการ..


 Copyright 2026. Bcnsprnw @Library